000 00550cam a2200205 a 4500
020 _a039396194X (pbk.)
040 _cDLC
082 0 0 _a808 NOR 1992 A094 Or.
245 0 4 _aThe Norton reader :
_ban anthology of expository prose /
250 _a8th ed.
260 _aNew York :
_bNorton,
_cc1992.
300 _axxxii, 1286 p. ;
_c22 cm.
650 0 _aCollege readers.
650 0 _aEnglish language
650 0 _aExposition (Rhetoric)
650 0 _aReport writing
700 1 _aEastman, Arthur M.
700 1 _aBlake, Caesar R.
942 _cEK
999 _c13829
_d13829